Statistics for Capital Cities furthest away from Capital Cities starting with A

Click here to take the quiz!

General Stats

  • This quiz has been taken 26 times
  • The average score is 15 of 20

Answer Stats

RankDistanceClosest 'A' CapitalCAPITAL CITY% Correct
6 6,205 AmsterdamWashington
100%
13 5,648 AmsterdamOttawa
95%
2 6,682 AsuncionMexico City
86%
7 5,987 AsuncionHavana
82%
19 5,220 AsuncionKingston
82%
14 5,594 Abu DhabiKuala Lumpur
82%
16 5,506 AsuncionSan Salvador
82%
15 5,569 AstanaTokyo
82%
11 5,791 AsuncionBelmopan
77%
1 6,850 ApiaDili
77%
12 5,678 AsuncionGuatemala City
77%
8 5,985 AstanaManila
77%
3 6,566 AntananarivoJakarta
73%
20 5,175 AsuncionManagua
68%
10 5,904 Abu DhabiSingapore
68%
9 5,962 AsuncionNassau
64%
18 5,336 AstanaPhnom Penh
64%
17 5,410 AsuncionTegucigalpa
64%
4 6,514 AstanaBandar Seri Begawan
55%
5 6,375 ApiaMelekeok
45%

Score Distribution

Percentile by Number Answered

Percent of People with Each Score

Your Score History

You have not taken this quiz